00000000nam 2200000zi 4500
0019.946725
003CaOODSP
00520250303103444
006m     o  d f      
007cr |n|||||||||
008250110s1949    onca    o    f000 0 eng d
040 |aCaOODSP|beng|erda|cCaOODSP
043 |an-cn-sn
0861 |aA52-211/1949E-PDF
0861 |zA51-141E-PDF
1001 |aFoster, J. Roe, |eauthor.
24510|aDominion Experimental Substation, Regina, Sask. : |bprogress report, 1937-1946 / |cJ. Roe Foster.
264 1|aOttawa, Canada : |bMinister of Agriculture, |c[1949]
300 |a1 online resource (31 pages) : |billustrations
336 |atext|btxt|2rdacontent
337 |acomputer|bc|2rdamedia
338 |aonline resource|bcr|2rdacarrier
500 |aDigitized edition from print [provided by Agriculture and Agri-Food Canada].
61025|bDominion Experimental Substation (Regina, Sask.)
650 0|aAgricultural experiment stations|zSaskatchewan|zRegina.
650 6|aStations agronomiques|zSaskatchewan|zRegina.
7102 |bDominion Experimental Substation (Regina, Sask.), |eissuing body.
7101 |aCanada. |bExperimental Farms Service, |eissuing body.
85640|qPDF|s9.47 MB|uhttps://publications.gc.ca/collections/collection_2025/aac-aafc/A51-141-1946-eng.pdf